00974nam a2200289 a 4500003000900000005001700009008004100026040001300067110001400080240002500094245002500119250001800144260003300162300001100195490003200206500027200238500002200510650001200532650002200544650002100566650001300587650001400600650001700614650001500631650001200646650002600658AR-BaBNM20251128204622.0082120s2002 ||||||||||||||000 | spa|| cAR-BaBNM1 aArgentina10aCódigo de Comercio00aCódigo de comercio a25ª ed. rev. aBuenos AiresbClaridadc1956 a352 p. 0aBiblioteca jurídicavv. 3 aContiene apéndice: leyes de patentes de invención, sellos y marcas de comercio e industria, transmisión de negocios, emisión de cheques sin fondos, régimen del comercio minorista, despachantes de aduanas, prenda con registro, navegación y comercio de cabo aIndice p. 347-352 4aDERECHO 4aDERECHO COMERCIAL 4aCODIGO COMERCIAL 4aCOMERCIO 4aCONTRATOS 4aOBLIGACIONES 4aNAVEGACION 4aQUIEBRA 4aLEGISLACION ARGENTINA